MDQL
is popping MORE tags! Check the
thread
!
Quizzes
Events
Quiz Creation
Community
Videos
Private Events
Remove Ads
Sign In
Join for FREE
Feedback
Dark Mode
Quiz Categories
Sports
Geography
Music
Movies
Television
Just For Fun
Miscellaneous
History
Literature
Language
Science
Gaming
Entertainment
Religion
Holiday
For Kids
Quiz Lab
Recent
Popular Today
Quiz Kudos Today
Editor Picks
Curator Picks
Quizzes by...
Day
Popularity
Type
Ratings
Length
Year
Community
Subscriptions
Recent Discussions
Orange Saloon
Badges
Playlists
Quests
Create
Leaderboards
Showdown
Live 5
Trivia Bingo
Activity
Puzzle Library
Sporcle Events
Private Events
Virtual Trivia
Globe League
Become a Host
Pub Owners
SporcleCon
Opinionation
Our Games
Videos
Blog
Mobile Apps
Partnerships
Remove Ads and Go Orange
Feedback
Movies
Disney
Marvel Cinematic Universe
Movie Resume
Movie Titles
Oscar
Actor
Actress
Director
Pixar
Role
Movie Quotes
Movie Characters
Box Office
Nominee
Best Picture
Star Wars
James Bond
Horror Movies
Movies
Disney
Marvel Cinematic Universe
Movie Resume
Movie Titles
Oscar
Actor
Actress
Director
Pixar
Role
Movie Quotes
Movie Characters
Box Office
Nominee
Best Picture
Star Wars
James Bond
Horror Movies
Random Quiz
Search Sporcle
×
Quiz Lab
Quiz Lab
Movies
Interview
Type in answers that appear in a list
Type in answers that appear in a list
Classic
Best Score? Go Orange.
Newsies Games Night Stats
Fill in the Blanks
By
RSMD
10m
13 Questions
138 Plays
138 Plays
138 Plays
Comments
Comments
Give Quiz Kudos
Give Quiz Kudos
-
- Ratings
hide this ad
More Info
Replay
Link that replays current quiz
Next Quiz
Link to next quiz in quiz playlist
You Got
0%
They Got
Avg Score
49%
Avg Friend Score
Upgrade to see
Score Distribution
Jump to the score distribution portion of the page
Score
0/13
Timer
10:00
0
Plays Today
Phrase
Missing Word
% Correct
I'm so proud of my _
_
_
_
_
(Kara)
Newsies
72.5%
and he would add these _
_
_
_
when we were like screwing around, we'd be singing like seize the day (AKB)
riffs
69.6%
That boy really likes _
_
_
_
_
(AKB)
Beyonce
59.4%
Get off my _
_
_
Kara (Corey)
couch
58.7%
I think her name was like _
_
_
_
_
_
or something (AKB)
Jasmine
55.1%
When I was maybe like _
_
_
_
years old there was a Karaoke thing but I didn't know any of the songs (Ben)
nine
52.9%
I'm Susan Blackwell and I play _
_
_
_
(Susan)
stinky
50.7%
I'm not gonna lie, I'm a fan of the _
_
_
_
_
_
_
game night (AKB)
lowbrow
42%
Sometimes I feel like I'm doing an _
_
_
_
_
_
_
Harvey impression (Corey)
involuntary
42%
Yes! He would bring _
_
_
_
_
(Kara)
blow pop
39.1%
Hey _
_
_
_
_
how ya doin (Ben)
cookie
37.7%
You are friends in real life, and you do _
_
_
_
_
a game night
rock
34.8%
Not one of those _
_
_
_
_
businesses (Susan)
sucky
26.8%
Quiz Playlist
Details
Report
Send in Message
Add To Playlist
More Info:
Fill in the Blank
Classic:
Type in answers that appear in a list
Last Updated: Feb 16, 2017
Quiz Scoreboard
CHALLENGE
Sign Up to Join the Scoreboard
Show All
Scores
Hide
Comments
May contain spoilers
Recently Published
Two Season TV Shows II
by 123Four
Television
10m
Image Sorting: Flags VI
by Barbecue
Geography
2m
Find the 'City' Movie
by crazypaving
Movies
60s
More to Explore
Quiz From the Vault
Featured Blog Post
14 Easter Pick-up Lines to Find Eggs With
hide this ad
You Might Also Like...
Tags
Interview
Newsies
Today's Top Quizzes in Movies
Browse Movies
hide this ad
Today's Top Quizzes in Interview
Browse Interview
Top Contributed Quizzes in Movies
1
Find The 'Big' Movie
2
The ultimate James Bond movie quiz
3
Find The 'Wild' Movie
4
Find The 'Blue' Movie
5
Movies By Plot
6
Hidden Star Wars Character II
7
Pick 5 Posters: Directed by Spielberg
8
Hidden Star Wars Character III
9
Hidden Star Wars Character IV
10
25 Best Actor Nominees (1990s)
Explore More
Trending Topics
Crossword
NBA
Disney
Marvel
Anime
Kpop
Harry Potter
WWE
Pokémon
NFL
The Office
Country
Puzzle
Soccer
Song
hide this ad
More By:
RSMD
Quiz
Plays
Rating
Category
Featured
Created
Brooklyn 99: Reference Guide
9,734
2.59
Television
Jun 17, 2015
Heathers the Musical: Reference Guide
7,042
4.36
Entertainment
Jan 25, 2015
Avatar: The Last Airbender Character Skills
3,997
4.21
Television
Mar 10, 2014
Newsies Musical Murder Mystery Logic Puzzle
3,066
2.50
Entertainment
Feb 20, 2015
Bob's Burgers: Reference Guide
2,873
2.13
Television
Jan 27, 2015
Go to Creator's Profile
Score Distribution
Quiz Creator Spotlight
RSMD
Follow
Send a Message
Quizzes Created
-
Created Quiz Play Count
-
More By This Creator
Popular Quizzes Today
1
Find the US States - No Outlines Minefield
2
Colored Red Africa Blitz
3
Find the 'City' Movie
4
5x2 Blitz: Bands
5
The Countries of the World
6
Find the Countries of Europe - No Outlines Minefield
7
Find the US States
8
US States
More Movies Quizzes
Actors in 1970 Movie Posters
Quiz Lab
Trending Quizzes
Colored Red Europe Blitz I
Colored Red Africa Blitz II
Colored Red Europe Blitz II
Colored Red Africa Blitz III
Colored Red Europe Blitz III
Recently Updated
How Do You Spell That?
pecheneg
Godzilla Movies
pecheneg
Grab Bag: 4-10 Letters
pecheneg
2024 March Madness Bracket
pecheneg
Famous TV Couples
Peacemaker
Champions League XIs: Real Madrid
pecheneg
Largest US Cities 1790-2010
pecheneg
Rides in Walt Disney World
pecheneg
Most Oscar Losses (Acting)
pecheneg
Beyoncé Albums
pecheneg
Trending Topics
Harry Potter
Anime
Marvel
Kpop
NBA
Disney
Crossword
The Office
Country
Puzzle
Pokémon
WWE
NFL
Soccer
Song
Your Account Isn't Verified!
In order to create a playlist on Sporcle, you need to verify the email address you used during registration. Go to your
Sporcle Settings
to finish the process.
Report this User
Report this user for behavior that violates our
Community Guidelines
.
Details:
Send Report
Go to the Sporcle.com Mobile Site →
Comments